Irrigation engineering / (Record no. 9740)
[ view plain ]
| 000 -LEADER | |
|---|---|
| fixed length control field | 00390cam a2200157ua 4500 |
| 003 - CONTROL NUMBER IDENTIFIER | |
| control field | OSt |
| 008 - FIXED-LENGTH DATA ELEMENTS--GENERAL INFORMATION | |
| fixed length control field | 180915b ||||| |||| 00| 0 eng d |
| 082 ## - DEWEY DECIMAL CLASSIFICATION NUMBER | |
| Classification number | 631.5871 |
| Item number | GUP/IR |
| 100 ## - MAIN ENTRY--AUTHOR NAME | |
| Personal name | Gupta, B L . |
| 245 ## - TITLE STATEMENT | |
| Title | Irrigation engineering / |
| 250 ## - EDITION STATEMENT | |
| Edition statement | 2 / |
| 260 ## - PUBLICATION, DISTRIBUTION, ETC. (IMPRINT) | |
| Place of publication | New Delhi : |
| Name of publisher | Satya Prakshan , |
| Year of publication | 1995. |
| 300 ## - PHYSICAL DESCRIPTION | |
| Number of Pages | 775 ; . |
| 700 1# - ADDED ENTRY--PERSONAL NAME | |
| Personal name | Amit, Gupta . |
| 942 ## - ADDED ENTRY ELEMENTS (KOHA) | |
| Koha item type | Books |
| Withdrawn status | Lost status | Damaged status | Home library | Current library | Date acquired | Full call number | Accession Number | Koha item type | Shelving location |
|---|---|---|---|---|---|---|---|---|---|
| KAUAET | KAUAET | 07/04/2012 | 631.5871 GUP/IR | 18564 | Books | ||||
| KAUAET | KAUAET | 15/09/2018 | 631.5871 GUP/IR | 18546 | Book Bank scheme for SC students | Scheme |
